000 00418nam a22001577a 4500
005 20250208125507.0
008 250208b |||||||| |||| 00| 0 eng d
020 _a9789997627889
050 _aRC683.5
_b.E5
100 _aAehlert, Barbara
245 _aECG's Made Easy/
_cBarbara Aehlert
250 _a2nd ed.
260 _aSt. Louis
_bMosby
_c2002
300 _axiv. 314p.
_bill.
_c27.5cm
942 _2lcc
_cBK
_e2nd ed.
_n0
999 _c3667
_d3667